Регионална библиотека "Любен Каравелов" - Русе

Анатомия и физиология на домашните бозайници (Запис номер 409745)

MARC детайли
000 -Лидер
Контролно поле с фиксирана дължина nam a22 a 4500
003 - Код на организацията, давaща контролен номер
Контролно поле BLK
005 - Дата и час на последна редакция
Контролно поле 20220217174302.0
008 - Елементи от данни с фиксирана дължина
fixed length control field 180413b bul|||||r ||||||| ||bul||
040 ## - Източник на каталожния запис
Идентификатор на билиотеката - собственик на записа BLK
041 ## - Код за език
Код за езика на текст/звукозапис или на отделно заглавие Български
Код за езика КДБФ Български
080 ## - УДК
Текстов определител УДК Физиология на животните. Вж и 612
УДК код - определител по УДК 591.1
УДК - код + определител 591.1
080 ## - УДК
Текстов определител УДК Морфология на животните. Анатомия. Органология. Зоотомия - Ангиология;кръвоносна, дихателна, храносмилателна, лимфатична, отделителна, двигателна, нервна система;полови органи, полови жлези;
УДК код - определител по УДК 591.4
УДК - код + определител 591.4
080 ## - УДК
Текстов определител УДК Животновъдство (общи въпроси). Скотовъдство. Развъждане на домашни животни
УДК код - определител по УДК 636
УДК определител :591
УДК - код + определител 636:591
100 ## - Редна дума - Автор
Автор Петков, Петър Лазаров
Авторска отговорност първи автор
R(LIN) 330292
139 ## - Редно поле
Редна дума Петков, Петър Лазаров
245 10 - Сведения за заглавието
Заглавие Анатомия и физиология на домашните бозайници
Подзаглавни данни Спец. курс за студентите агрономи
Редно поле (дума) Петър Лазаров Петков
260 ## - Област на издателските данни
Място на издаване, разпространение и проч. София
Име на издателя, разпространителя и проч. печ. Художник
Година на издаване 1929
9 (RLIN) 216490
300 ## - Физическа характеристика
Страници 504, VIII с. : с ил.
Размери/Мащаб 24 см
380 ## - Жанр
Жанр Естествени науки. Математика
490 ## - СЕРИИ (Колекции)
9 (RLIN) 201494
Име на серия Университетска библиотека
№: серия 88
650 #4 - Допълнително описание по предмет – тема
Основно описание – тема или топоним Селскостопански животни - анатомия и физиология - учебници за ВУЗ
9 (RLIN) 260632
653 ## - Ключова дума – ненормативна
Ключова дума анатомия
653 ## - Ключова дума – ненормативна
Ключова дума физиология
653 ## - Ключова дума – ненормативна
Ключова дума животни
852 ## - Местоположение
Форматна сигнатура Цб 5.240.9501
Фондова буква Хранилище
999 ## - СИСТЕМНИ КОНТРОЛНИ НОМЕРА
Koha biblionumber 409745
Koha biblioitemnumber 409745
942 ## - АРТИКУЛИ
Вид на библиотечния материал Книги
Скрит в OPAC Не
Периодичен библиозапис Да
Koha issues (borrowed), all copies 1
944 ## - СЪЗДАВАНЕ И РЕДАКЦИЯ на ЗАПИСА
Създаване/Редакция Създаване
Дата на регистрацията/редакция 2021-04-20
Служител, извършил регистрацията/редакцията ГГГ
Наличности
Код за отписване Код за изгубен артикул Източник на класификационната схема Код за повреда Коз за рестрикции Код за отдаване Артикулен № Име на библиотеката - собственик Име на библиотеката, в която се намира в момента Статус (Текущо местоположение) Дата на вписване в системата Местоположение - отдел Цена в лева Инвентарен номер Систематично азбучна сигнатура Баркод Цена в евро Служебен тип на артикула
  Не е изгубен Universal Decimal Classification Не е повреден само за читалня ползва се в читалня 825118 Регионална библиотека "Любен Каравелов" Русе Регионална библиотека "Любен Каравелов" Русе Хранилище 2021-04-21 Основен фонд - ползва се само за читалня 0.41 9501-а Цб 5.240.9501 900000055311 0.21 Книги
  Не е изгубен Universal Decimal Classification Не е повреден само за читалня ползва се в читалня 825119 Регионална библиотека "Любен Каравелов" Русе Регионална библиотека "Любен Каравелов" Русе Хранилище 2021-04-21 Основен фонд - ползва се само за читалня 0.41 9501 Цб 5.240.9501 900000055312 0.21 Книги
Vip Innovations Ltd, Rousse, Bulgaria 2025